| 000 | 00362nam a22001457a 4500 | ||
|---|---|---|---|
| 005 | 20151012104433.0 | ||
| 008 | 151012b xxu||||| |||| 00| 0 eng d | ||
| 040 | _cPK-LaUMT | ||
| 082 |
_aKHC 305.5633 _bSET-R |
||
| 100 | _aSeth H.L | ||
| 245 |
_aThe red fugitive _cH.L. Seth |
||
| 260 |
_aKarachi _bIndian printing works _c1946 |
||
| 300 | _a163 p. | ||
| 942 | _cBK | ||
| 999 |
_c77236 _d77236 |
||